Normal view
MARC view
Entry Personal Name
001 - CONTROL NUMBER
- control field: 77217
003 - CONTROL NUMBER IDENTIFIER
- control field: dpl
005 - DATE AND TIME OF LATEST TRANSACTION
- control field: 20250128141752.0
008 - FIXED-LENGTH DATA ELEMENTS
- fixed length control field: 250128|| aca||aabn | a|a d
040 ## - CATALOGING SOURCE
- Original cataloging agency: dpl
- Transcribing agency: dpl
100 ## - HEADING--PERSONAL NAME
- Personal name: Khanna, Pooja
670 ## - SOURCE DATA FOUND
- Source citation: Work cat.: (dpl)208839: Deswal, Neerja 77216, English Language Through Literature -I/, 2023
